| 000 | 00350nam a2200145Ia 4500 | ||
|---|---|---|---|
| 008 | 150201s2003 xx 000 0 und d | ||
| 082 |
_a617.645 _bH2003C |
||
| 100 | _aCAMERON ANGUS | ||
| 245 | _aHAND BOOK OF PEDIATRIC DENTISTRY | ||
| 250 | _a2ND | ||
| 260 |
_bMOSBY _aNEW DELHI _c2003 |
||
| 300 | _a1-414 | ||
| 650 | _aPEDODONTICS | ||
| 942 |
_2ddc _cBK |
||
| 999 |
_c3833 _d3833 |
||